header

Saviors or sellouts (Record no. 14464)

MARC details
000 -LEADER
fixed length control field 02819nam a2200361 a 4500
082 04 - DEWEY DECIMAL CLASSIFICATION NUMBER
Classification number 323.1196/073
100 1# - MAIN ENTRY--AUTHOR NAME
Personal name Bracey, Christopher Alan,
245 10 - TITLE STATEMENT
Title Saviors or sellouts
260 ## - PUBLICATION, DISTRIBUTION, ETC. (IMPRINT)
Place of publication Boston :
Name of publisher Beacon Press,
Year of publication c2008.
300 ## - PHYSICAL DESCRIPTION
Number of Pages xxiii, 223 p.
505 0# - FORMATTED CONTENTS NOTE
Formatted contents note Facing reality : Black conservatism's growing appeal and why it matters -- The origins of Black conservative thought : Evangelicals, entrepreneurs, and Booker T. Washington -- The dawn of the twentieth century : Black conservatism's peak and W.E.B. DuBois's dramatic assault against it -- Shades of conservatism : the interwar years, from the Harlem renaissance to Mary McLeod Bethune and Marcus Garvey -- The agonistic voice of mid-century Black conservatism : the strange career of George Samuel Schuyler -- Black conservatism in the civil rights era : why the Nation of Islam, Elijah Muhammad, Malcolm X, and Stokely Carmichael's Black power movement are part of the Black conservative tradition -- The reformation of Black conservatism : Black neoconservatives, their White counterparts, and how they differ from traditional Black conservatives -- The rising tide of Black neoconservative intellectualism : the blame game, "self-help," Shelby Steele, and John McWhorter -- The public face of Black conservatism : revealing the philosophies of Clarence Thomas, Colin Powell, and Condoleezza Rice -- The influence of infotainment : how Bill Cosby, Chris Rock, pundits, and bloggers lend popular credibility to Black conservative ideas -- The significance of Black conservative thought in modern American life.
650 #0 - SUBJECT ADDED ENTRY--TOPICAL TERM
Topical Term African Americans
Topical Term Conservatism
Topical Term African Americans
856 40 - ELECTRONIC LOCATION AND ACCESS
Uniform Resource Identifier http://site.ebrary.com/lib/rucke/Doc?id=10256078

No items available.

© 2026 Rongo University
Contact us: librarian | system librarian | Rongo university